Νέοι θαλάσσιοι δρόμοι στην Αρκτική, περιβαλλοντικές επιπτώσεις : ; διπλωματική εργασία
Αποθηκεύτηκε σε:
| Κύριος συγγραφέας: | |
|---|---|
| Συγγραφή απο Οργανισμό/Αρχή: | |
| Άλλοι συγγραφείς: | |
| Μορφή: | Thesis Βιβλίο |
| Γλώσσα: | Greek |
| Δημοσίευση: |
Χίος :
Πανεπιστήμιο Αιγαίου, Τμήμα Ναύτιλίας και Επιχειρηματικών Υπηρεσιών,
2009
|
| Θέματα: | |
| Διαθέσιμο Online: | http://hdl.handle.net/11610/12874 |
| Ετικέτες: |
Προσθήκη ετικέτας
Δεν υπάρχουν, Καταχωρήστε ετικέτα πρώτοι!
|
MARC
| LEADER | 00000cam a2200000 i 4500 | ||
|---|---|---|---|
| 001 | 1/8957 | ||
| 008 | 100706s2009 gre d | ||
| 035 | |l 10108451 | ||
| 040 | |a GR-MY-UA |b gre |e aacr | ||
| 041 | 0 | |a gre | |
| 082 | 0 | |a 551.65113 |2 (22) | |
| 100 | 1 | |a Παναγοπούλου, Ειρήνη. | |
| 245 | 1 | 0 | |a Νέοι θαλάσσιοι δρόμοι στην Αρκτική, περιβαλλοντικές επιπτώσεις : |b ; διπλωματική εργασία / |c Παναγοπούλου Ελένη ; επιβλέπων Νικητάκος Νικήτας |
| 260 | |a Χίος : |b Πανεπιστήμιο Αιγαίου, Τμήμα Ναύτιλίας και Επιχειρηματικών Υπηρεσιών, |c 2009 | ||
| 300 | |a 137 σ.; |c 30 εκ. | ||
| 502 | |a Διατριβή (μεταπτυχιακή) - Πανεπιστήμιο Αιγαίου, Χίος, 2009. | ||
| 504 | |a Βιβλιογραφία: σ. 98-99 | ||
| 650 | 0 | 0 | |a Climatic changes. |
| 650 | 0 | 0 | |a Climatic changes |x Environmental aspects |z Arctic. |
| 650 | 0 | 0 | |a Climatic changes |z Arctic regions. |
| 650 | 0 | 0 | |a Global warming. |
| 650 | 0 | 0 | |a Dissertations, Academic |z Greece. |
| 651 | 0 | |a Arctic regions |x Strategic aspects. | |
| 700 | 1 | |4 ths |a Νικητάκος, Νικήτας. | |
| 710 | 1 | |a Πανεπιστήμιο Αιγαίου |b Σχολή Επιστημών της Διοίκησης |b Τμήμα Ναυτιλίας και Επιχειρηματικών Υπηρεσιών |b Πρόγραμμα Μεταπτυχιακών Σπουδών "Ναυτιλία, Μεταφορές και Διεθνές Εμπόριο - ΝΑ.Μ.Ε.". | |
| 852 | |a INST |b CHIOS |c DIATR |e 20100706 |h 551.65113 ΠΑΝ |p 005200029342 |q 005200029342 |t MTXE |y 23 | ||
| 852 | |a INST |b CHIOS |c DIATR |e 20100706 |h 551.65113 ΠΑΝ |p 005200029343 |q 005200029343 |t MTXE |y 23 | ||
| 856 | |u http://hdl.handle.net/11610/12874 | ||
| 901 | |a BIBL2-2010-2 | ||
| 909 | |a Χ |b 148348 | ||
| 909 | |a Χ |b 148349 | ||
| 924 | |a ΠΑΝΑΓΟΠΟΥΛΟΥ |b ΕΙΡΗΝΗ |y ΧΙΟΣ |z 2009-11 | ||
| 970 | |a ΔΕΣΠΟΙΝΑ |b ΑΤΣΑΛΗ |z 2010/07/06 | ||